000 01140nam a2200253Ia 4500
003 Ost
005 20260507075547.0
008 260507s9999||||xx |||||||||||||| ||und||
020 _a9774083695
040 _cfsecg
041 _aara
082 _a338.7
100 _aبيركين، مالكوم
_eمؤلف
245 0 _aبناء الشركات المتكاملة /
_c مالكوم بيركين
246 _aBuilding The Integrated Company
260 _aالقاهرة:
_bدار الفاروق للنشر والتوزيع,
_c2006
300 _a304 صفحة؛
_bإيضاحات ؛
_c24 سم
490 _aسلسلة مهارات الإدارة للمحترفين
520 _aيضم تكامل الإدارة الدولية، سمات الشركة المتكاملة، تقييم مدى تكامل الشركة استراتيجية الشركة التنافسية، التنفيذ وزالإتزام الموظفين وارتباطهم بالشركة، دمج الأفراد
653 _aإدارة الأفراد
653 _aالشركات
700 _aالعامري، خالد
_eمؤلف ثانوي
942 _cكتاب
999 _c44894
_d44894